header

Syntax and morphology (Record no. 155453)

MARC details
000 -LEADER
fixed length control field 01645nam a2200337Ia 4500
245 10 - TITLE STATEMENT
Title Syntax and morphology
260 ## - PUBLICATION, DISTRIBUTION, ETC. (IMPRINT)
Place of publication Philadelphia :
Name of publisher J. Benjamins,
Year of publication c2004.
300 ## - PHYSICAL DESCRIPTION
Number of Pages x, 262 p. :
Other physical details ill.
490 0# - SERIES STATEMENT
Series statement Amsterdam studies in the theory and history of linguistic science, Series IV, Current issues in linguistic theory,
Series statement New perspectives on English historical linguistics ;
650 #0 - SUBJECT ADDED ENTRY--TOPICAL TERM
Topical Term English language
Topical Term English language
700 1# - ADDED ENTRY--PERSONAL NAME
Personal name Horobin, Simon.
Personal name Kay, Christian.
Personal name Smith, J. J.
856 40 - ELECTRONIC LOCATION AND ACCESS
Uniform Resource Identifier http://site.ebrary.com/lib/rucke/Doc?id=10061384

No items available.

© 2026 Rongo University
Contact us: librarian | system librarian | Rongo university